Urban Municipality of Ljubljana - Districts - Statistics

General Stats
  • This quiz has been taken 24 times
  • The average score is 7 of 17
Answer Stats
Population Surface (km2) Answer % Correct
25.795 5,07 Center
100%
34.670 7,24 Bežigrad
87%
35.532 18,10 Šiška
87%
21.659 3,40 Moste
67%
13.995 14,38 Vič
67%
11.641 18,10 Črnuče
60%
13.905 25,48 Rudnik
60%
20.394 22,10 Polje
53%
14.394 9,06 Jarše
33%
14.216 15,83 Šentvid
33%
16.777 7,18 Trnovo
27%
15.645 11,11 Dravlje
20%
12.199 8,27 Golovec
13%
17.014 8,35 Rožnik
13%
6.816 88,56 Sostro
13%
9.901 9,05 Posavje
7%
4.965 14,43 Šmarna gora
7%
No matching quizzes found
Score Distribution
Percent of People with Each Score
Percentile by Number Answered
Your Score History
You have not taken this quiz